| 000 | 00743nam a2200265Ia 4500 | ||
|---|---|---|---|
| 001 | Para_2270 | ||
| 003 | CHAP | ||
| 008 | 220125s1997 xx 000 0 und d | ||
| 010 | _a200853 | ||
| 040 | _cCHAP | ||
| 082 | _aPA 635.642 J6 | ||
| 100 |
_aJones, J.B., ed. _9165707 |
||
| 245 |
_aCompendium of tomato diseases / _c ed. by J.B. Jones... [et. al.] |
||
| 260 |
_aSt. Paul Minn. : _b American Phytopathological Society |
||
| 300 | _a73 p. | ||
| 650 |
_aTomate _x enfermedades _9113711 |
||
| 710 | _aAmerican phytopathological society | ||
| 901 | _aPA 635.642 J6 | ||
| 902 | _aA | ||
| 905 | _a0000001997 a 0000000000 00 | ||
| 910 | _a1997 | ||
| 942 | _cPARA | ||
| 942 |
_cPARA _d1 |
||
| 999 |
_c200853 _d200853 |
||